U.S. Miserable Cities Quiz Stats

 Plays Quiz Updated Oct 12, 2018

Score 0/20 Timer 03:00
0 Plays Today
Rank City % Correct
15Detroit, MI
84.3%
7Chicago, IL
57.6%
10Cleveland, OH
45.5%
2Miami, FL
42.1%
11Flint, MI
17.7%
6Memphis, TN
17.5%
1Stockton, CA
3.6%
4Modesto, CA
1.9%
16Washington, D.C.
1.3%
19Jacksonville, FL
1.2%
Rank City % Correct
12Toledo, OH
1%
5Sacramento, CA
0.9%
17Fresno, CA
0.7%
20Bakersfield, CA
0.5%
14Youngstown, OH
0.4%
13Fort Lauderdale, FL
0.2%
3Merced, CA
0.1%
8West Palm Beach, FL
0.1%
9Vallejo, CA
0.1%
18Salinas, CA
0.1%

You're not logged in!

Compare scores with friends on all Sporcle quizzes.
OR
Log In

Sporcle TV

Today on Sporcle TV


Watch our educational content, quiz creation guides, and fun videos on Sporcle TV.

Show Comments

Extras

Top Quizzes Today


Score Distribution

Your Account Isn't Verified!

In order to create a playlist on Sporcle, you need to verify the email address you used during registration. Go to your Sporcle Settings to finish the process.

Report this User

Report this user for behavior that violates our Community Guidelines.

Details: